| 000 | 00410nam a2200121Ia 4500 | ||
|---|---|---|---|
| 008 | 150610s9999 xx 000 0 und d | ||
| 020 | _a9789834386931 | ||
| 050 |
_aBV4637 _b.C96 1999 |
||
| 100 | _aCymbala, Jim | ||
| 245 |
_aFresh faith: _bwhat happens when real faith ignites God's people / _cJim Cymbala with Dean Merrill. |
||
| 260 |
_aMalaysia : _bPVM Harvest Resources, _c1999. |
||
| 300 |
_a245pages ; _c21 cm. |
||
| 999 |
_c287978 _d287978 |
||